<A> handbook of alternative theories of public economics

Enregistré dans:
Détails bibliographiques
Autres auteurs: Forte, Francesco, Mudambi, Ram, Navarra, Pietro Maria
Format: Livre
Langue:anglais
Publié: Cheltenham Edward Elgar 2014
Sujets:
Tags: Ajouter un tag
Pas de tags, Soyez le premier à ajouter un tag!

MARC

LEADER 00000nam a2200000 4500
001 0194331
005 20240313132933.8
020 |a 978-1-78100-470-8 
041 0 |a eng 
044 |a GB 
245 1 0 |a <A> handbook of alternative theories of public economics  |c edited by: Francesco Forte, Ram Mudambi, Pietro Maria Navarra 
264 1 |a Cheltenham  |b Edward Elgar  |c 2014 
300 |a 556 s. 
610 2 0 |a sektor verejný 
610 2 0 |a ekonomika verejná 
610 2 0 |a statky verejné 
610 2 0 |a filozofia 
610 2 0 |a sociológia 
610 2 0 |a psychológia 
610 2 0 |a história 
610 2 0 |a právo 
610 2 0 |a modelovanie ekonometrické 
610 2 0 |a teórie ekonomické 
700 1 |a Forte, Francesco 
700 1 |a Mudambi, Ram 
700 1 |a Navarra, Pietro Maria